| 000 | 00755nam a2200205 a 4500 | ||
|---|---|---|---|
| 003 | 0 | ||
| 005 | 20250203104829.0 | ||
| 008 | 130724s19uu xx 00 eng d | ||
| 050 |
_aPHS TD 429.W3 _b.Sa346 2013 |
||
| 100 | _aSarmiento, Alphonsus Martin M. | ||
| 245 |
_aEfficacy of using solar disinfection (SODIS) in water purification / _cAlphonsus Martin M. Sarmiento. |
||
| 260 |
_aLas PiƱas City, Philippines : _bSouthville International School and Colleges, _c2013. |
||
| 300 |
_a28 p. : _bill. ; _c28 cm. |
||
| 504 | _aIncludes bibliographical references. | ||
| 650 | _aWater purification. | ||
| 650 |
_aSolar energy _vApplications. |
||
| 650 | _aSolar disinfection (SODIS). | ||
| 650 |
_aWater treatment _vSolar disinfection. |
||
| 942 |
_2lcc _cPASS |
||
| 999 |
_c98901 _d98901 |
||